Direito Penal Parte Especial. Crimes contra a Pessoa /

Detalles Bibliográficos
Autor principal: Santos Cabette, Eduardo Luiz
Formato: eBook
Lenguaje:portugués
Publicado: Rio de Janeiro: Editora Processo, 2017
Materias:
Acceso en línea:Acceso restringido

MARC

LEADER 00000nam a22000007a 4500
005 20220720223418.0
007 cr|||| ||||
008 220720s2017 br |||||s|||| 00||0 por d
020 |a 978-8593741-09-8 
035 |a 36771 
040 |a vLex 
090 |c 13637  |d 13637 
100 1 |a Santos Cabette, Eduardo Luiz 
245 |a Direito Penal  |h [Recurso electrn̤ico] :  |b Parte Especial. Crimes contra a Pessoa /  |c Eduardo Luiz Santos Cabette 
256 |a Servicio en ln̕ea 
260 |a Rio de Janeiro:  |b Editora Processo,  |c 2017 
300 |a 1 recurso electrn̤ico 
500 |a Esta ̌uma obra que comenta, com especial cuidado didt̀ico e pesquisa aprofundada, a Parte Especial do Cd̤igo Penal Brasileiro, mais especificamente os Crimes contra a Pessoa, previstos nos artigos 121 a 212, CP. O conted︢o ̌de grande qualidade e abrangn̊cia, mas procura ser tambm̌ conciso e exposto em linguagem acessv̕el, destinando-se ao uso como livro – texto da disciplina Direito Penal Parte Especial na graduaȯ̂ em Direito e tambm̌ com vistas ao estudo concentrado para concursos pb︢licos dos mais diversos nv̕eis que exijam a matřia, bem como exames de OAB. É fruto do trabalho de mais de vinte anos do autor como operador do direito na prt̀ica do dia a dia como Delegado de Polc̕ia do Estado de Sô Paulo e como Professor Universitr̀io no Centro Universitr̀io Salesiano de Sô Paulo e cursos preparatr̤ios, assim como pesquisador e articulista de vr̀ios perid̤icos nacionais e internacionais. 
506 1 |a Disponible solo en los productos indicados  |d vLex Global  |d vLex Global (Academic Edition, excluding Law Schools)  |d vLex Global (U.S. Academic Edition, Law Schools)  |d vLex Global (U.S. Academic Edition, excluding Law Schools)  |d vLex Global (Academic Edition, Law Schools) 
650 0 4 |a Derecho Penal  |z Brasil 
650 0 4 |a Delitos contra las personas  |z Brasil 
740 0 |a vLex Libros (Servicio en ln̕ea) 
856 4 0 |u https://app.vlex.com/#/sources/36771  |z Acceso restringido 
942 |c BOOK 
999 0 |a Criminal Law 
999 0 |a Crimes against people